Catálogo

SISTEMAS DE DECISION FINANCIERA (Registro nro. 21089)

Detalles MARC
000 -LEADER
fixed length control field 00499nam a2200181 a 4500
001 - CONTROL NUMBER
control field 21089
005 - DATE AND TIME OF LATEST TRANSACTION
control field 20180713214758.0
008 - FIXED-LENGTH DATA ELEMENTS--GENERAL INFORMATION
fixed length control field 140415s1971 000 0 spa d
041 ## - LANGUAGE CODE
Language code of text/sound track or separate title spa
082 ## - DEWEY DECIMAL CLASSIFICATION NUMBER
Classification number 332
Item number MOR
100 1# - MAIN ENTRY--PERSONAL NAME
Personal name MORRIS, WILLIAM T.
245 10 - TITLE STATEMENT
Title SISTEMAS DE DECISION FINANCIERA
260 ## - PUBLICATION, DISTRIBUTION, ETC.
Place of publication, distribution, etc. [s.l.] :
Name of publisher, distributor, etc. EL ATENEO,
Date of publication, distribution, etc. 1971
300 ## - PHYSICAL DESCRIPTION
Extent 152
490 ## - SERIES STATEMENT
Series statement BIBLIOTECA DE CIENCIAS ECONOMICAS SER. SISTEMAS ..
650 14 - SUBJECT ADDED ENTRY--TOPICAL TERM
Topical term or geographic name entry element FINANZAS
700 1# - ADDED ENTRY--PERSONAL NAME
Personal name THOMAS, JUAN JORGE
Relator term tr.
Existencias
Withdrawn status Lost status Source of classification or shelving scheme Damaged status Not for loan Collection code Home library Current library Shelving location Date acquired Source of acquisition Inventory number Total Checkouts Full call number Barcode Date last seen Date last checked out Price effective from Koha item type
    Dewey Decimal Classification     General Biblioteca Karol Wojtyla Biblioteca Karol Wojtyla Sala general 03/12/2013 Compra 151000000000000000049170   332 MOR 4123 05/01/2026 13/10/2015 03/12/2013 Libro